000 00713nam a2200241Ia 4500
005 20230502122458.0
008 131103s9999 xx 000 0 und d
020 _a8131711323
_cRs.475
040 _aLoreto College
041 _aEnglish
082 _a658
_bROB
100 _aRobbins, Stephen P.
245 _aOrganizational behavior
_cStephen P. Robbins, Timothy A. Judge and Seema Sanghi
250 _a12th ed.
260 _aNew Delhi
_bPearson & Prentice Hall
_c2007c
300 _axxix,829p
504 _aIncludes bibliographical references and index
650 _aOrganizational Behavior
651 _aOrganizational Psychology
700 _aJudge, Timothy A.
850 _aLCLIB
942 _cBK
999 _c20253
_d70732